Latin Numbers - Statistics

General Stats
  • This quiz has been taken 31 times
  • The average score is 7 of 21
Answer Stats
Hint Answer % Correct
two duo
76%
six sex
71%
eight octo
65%
three tres
65%
one unus
65%
seven septem
59%
ten decem
47%
nine novem
47%
five quinque
41%
four quattuor
35%
a hundred centum
24%
a thousand mille
24%
thirty triginta
18%
twenty viginti
18%
forty quadraginta
12%
fifty quinquaginta
12%
thousands milia
6%
ninety nonaginta
6%
eighty octoginta
6%
seventy septuaginta
6%
sixty sexaginta
6%
No matching quizzes found
Score Distribution
Percent of People with Each Score
Percentile by Number Answered
Your Score History
You have not taken this quiz